Wira kecil
| Main Author: | |
|---|---|
| Format: | Book |
| Published: |
Kuala Lumpur :
DBP ,
1993
|
| Subjects: |
MARC
| LEADER | 00000cam a2200000 7i4500 | ||
|---|---|---|---|
| 001 | 0000006536 | ||
| 002 | 000007050 | ||
| 005 | 20000330.0 | ||
| 020 | |a 9836233490 | ||
| 090 | 0 | 0 | |a JF |b SIT |
| 100 | 0 | |a Siti Zanariah Ahmad Ishak | |
| 245 | 1 | 0 | |a Wira kecil |c Siti Zanariah Ahmad Ishak |
| 260 | |a Kuala Lumpur : |b DBP , |c 1993 | ||
| 300 | |a 115 p. : |b ill. ; |c 18 cm. | ||
| 650 | 0 | 0 | |a Children's stories, Malay |
| 999 | |a 039361 |b BUKU |c PINJAMAN |e PERPUSTAKAAN KOMUNITI PETALING JAYA | ||
| 999 | |a 053992 |b BUKU |c PINJAMAN |e PERPUSTAKAAN KOMUNITI CAW KOTA DAMANSARA | ||